Normal view
MARC view
- Rahmaan, Anis Ur,
Entry Personal Name
001 - CONTROL NUMBER
- control field: 11262
003 - CONTROL NUMBER IDENTIFIER
- control field: NUST
005 - DATE AND TIME OF LATEST TRANSACTION
- control field: 20180626051259.0
008 - FIXED-LENGTH DATA ELEMENTS
- fixed length control field: 180626|| aca||aabn | a|a d
040 ## - CATALOGING SOURCE
- Original cataloging agency: NUST
- Transcribing agency: NUST
100 ## - HEADING--PERSONAL NAME
- Personal name: Rahmaan, Anis Ur,
- Dates associated with a name: 1932-
- General subdivision: Travel.
670 ## - SOURCE DATA FOUND
- Source citation: Work cat.: (NUST)48234: Rahmaan, Anis Ur, 1932- 11261, A galaxy of desires /, 2009.
